<?xml version="1.0" encoding="UTF-8"?>
<collection xmlns="http://www.loc.gov/MARC21/slim">
<record>
  <controlfield tag="001">112473</controlfield>
  <controlfield tag="005">20220525101650.0</controlfield>
  <datafield tag="037" ind1=" " ind2=" ">
    <subfield code="a">NORMAS-2022-003</subfield>
  </datafield>
  <datafield tag="245" ind1=" " ind2=" ">
    <subfield code="a">Instrucción sobre certificación de la dedicación docente del profesorado para la acreditación de la ANECA</subfield>
  </datafield>
  <datafield tag="260" ind1=" " ind2=" ">
    <subfield code="a">Zaragoza</subfield>
    <subfield code="b">Consejo de Gobierno de la Universidad de Zaragoza</subfield>
    <subfield code="c">2019-01-10</subfield>
  </datafield>
  <datafield tag="653" ind1="1" ind2=" ">
    <subfield code="a">Dedicación, movilidad y adscripción del profesorado</subfield>
  </datafield>
  <datafield tag="856" ind1="0" ind2=" ">
    <subfield code="f">sgaspar@unizar.es</subfield>
  </datafield>
  <datafield tag="856" ind1="4" ind2=" ">
    <subfield code="s">190189</subfield>
    <subfield code="u">http://zaguan.unizar.es/record/112473/files/Instrucci%C3%B3n%2BSG%2B1_2019%2Bdocencia%2BANECA%2Bfinal%2B2_report.pdf</subfield>
    <subfield code="y">Instrucción SG 1/2019, de 10 de enero</subfield>
  </datafield>
  <datafield tag="980" ind1=" " ind2=" ">
    <subfield code="a">NORMAS</subfield>
  </datafield>
</record>
</collection>